|
|
|
|
| LEADER |
00000nam2a2200000 4500 |
| 001 |
163537 |
| 005 |
20231101222414.0 |
| 020 |
|
|
|a RU
|b 80-47616ж
|
| 035 |
|
|
|a (RuTPU)RU\TPU\book\177434
|
| 090 |
|
|
|a 163537
|
| 100 |
|
|
|a 20090819d1991 k a0rusy5003 ca
|
| 101 |
0 |
|
|a rus
|
| 102 |
|
|
|a UA
|
| 105 |
|
|
|a a z 001zy
|
| 200 |
0 |
|
|a Вып. 40
|
| 210 |
|
|
|d 1991
|
| 215 |
|
|
|d 25 см.
|a 100 с.
|c ил.
|
| 306 |
|
|
|a Изд. выходит с 1966 г.
|
| 320 |
|
|
|a Библиография в конце статей
|
| 461 |
|
1 |
|0 (RuTPU)RU\TPU\book\200052
|t Квантовая электроника
|o республиканский межведомственный сборник научных трудов
|f Академия наук Украинской ССР (АН УССР), Институт полупроводников (ИП)
|v Вып. 40
|d 1966-1991
|
| 606 |
1 |
|
|a Квантовая электроника прикладная
|2 stltpush
|3 (RuTPU)RU\TPU\subj\14226
|9 40681
|
| 610 |
1 |
|
|a квантовая радиофизика
|
| 610 |
1 |
|
|a квантовые генераторы
|
| 610 |
1 |
|
|a лазерные излучения
|
| 610 |
1 |
|
|a полупроводники
|
| 610 |
1 |
|
|a оптико-физические свойства
|
| 675 |
|
|
|a 621.375.8
|v 3
|
| 801 |
|
0 |
|a RU
|b RuMRKP
|c 19950704
|g psbo
|
| 801 |
|
1 |
|a RU
|b 63413507
|c 20090819
|
| 801 |
|
2 |
|a RU
|b 63413507
|c 20150312
|g RCR
|
| 942 |
|
|
|c BK
|